De Cementarios, Varones y Tumbas. Multiples caras de la muerte en la cultura y la literatura dominicana (Record no. 7916)
[ view plain ]
| 000 -LEADER | |
|---|---|
| campo de control de longitud fija | 00442nam a2200145Ia 4500 |
| 001 - NÚMERO DE CONTROL | |
| campo de control | 2353 |
| 008 - DATOS DE LONGITUD FIJA--INFORMACIÓN GENERAL | |
| campo de control de longitud fija | 241024s9999 xx 000 0 und d |
| 020 ## - NÚMERO INTERNACIONAL ESTÁNDAR DEL LIBRO | |
| Número Internacional Estándar del Libro | 978-9945-404-74-6 |
| 082 ## - NÚMERO DE LA CLASIFICACIÓN DECIMAL DEWEY | |
| Número de clasificación | RD/860.09/G984c |
| 100 ## - ENTRADA PRINCIPAL--NOMBRE DE PERSONA | |
| Nombre de persona | Franklin Gutierrez |
| 245 #0 - MENCIÓN DEL TÍTULO | |
| Título | De Cementarios, Varones y Tumbas. Multiples caras de la muerte en la cultura y la literatura dominicana |
| 260 ## - PUBLICACIÓN, DISTRIBUCIÓN, ETC. | |
| Nombre del editor, distribuidor, etc. | Editora Nacional |
| Fecha de publicación, distribución, etc. | 2012 |
| 901 ## - ELEMENTOS DE DATOS A LOCAL LDA (RLIN) | |
| a | 10/8/2012 4:15:24 p.m. |
No items available.